[Event "Let's Play Chess!"]
[Site "http://www.queenalice.com/game.php?id=1110452"]
[Date "2012.10.8"]
[Round "-"]
[White "Anonimo"]
[Black "Karpv"]
[Result "1-0"]
[WhiteElo "2128"]
[BlackElo "2007"]

1. d4 Nf6 2. c4 c5 3. d5 b5 4. cxb5 a6 5. bxa6 Bxa6 6. Nc3 d6 7. e4 g6 8. Bxa6
Nxa6 9. Qe2 Bg7 10. Nf3 O-O 11. O-O Qb6 12. Bg5 Qxb2 13. Qxb2 1-0

[Event "Challenge"]
[Site "http://www.queenalice.com/game.php?id=1111682"]
[Date "2012.10.12"]
[Round "-"]
[White "josebaron"]
[Black "Karpv"]
[Result "0-1"]
[WhiteElo "1864"]
[BlackElo "1996"]

1. e4 c5 2. Bc4 g6 3. d3 Bg7 4. Nf3 Nc6 5. c3 e6 6. O-O Nge7 7. Bg5 O-O 8. Bxe7
Nxe7 9. Re1 d5 10. exd5 Nxd5 11. Bxd5 Qxd5 12. d4 cxd4 13. cxd4 Bd7 14. Ne5 Bc8
15. Nc3 Qa5 16. a4 a6 17. Qd2 Rd8 18. h3 Bxe5 19. Rxe5 Qxe5 20. dxe5 Rxd2 21.
Rb1 f5 22. exf6 Kf7 23. f3 e5 24. Ne4 Rd8 25. Rc1 Bf5 26. Ng5+ Kxf6 27. Nxh7+
Kg7 28. Rc7+ Rd7 29. Rxd7+ Bxd7 30. Ng5 Rc8 0-1

[Event "Challenge"]
[Site "http://www.queenalice.com/game.php?id=1111923"]
[Date "2012.10.13"]
[Round "-"]
[White "jdimas"]
[Black "Karpv"]
[Result "1-0"]
[WhiteElo "1132"]
[BlackElo "2007"]

1. e3 Nf6 2. d4 e6 3. c4 c5 4. h3 d5 5. a3 cxd4 6. Qxd4 Nc6 7. Qd1 Be7 8. b4 O-O
9. c5 Bd7 10. Bd3 Ne5 11. Bc2 b6 12. f4 Nc4 13. cxb6 Qxb6 14. Qd3 Bb5 15. a4
Bxb4+ 16. Nd2 Qxe3+ 17. Ne2 Qxd3 18. Bxd3 Bc6 19. Bxc4 dxc4 20. Ba3 Bxd2+ 21.
Kxd2 Rfd8+ 22. Kc3 Rac8 23. Rhg1 Bxa4 24. Be7 Rd3+ 25. Kb4 Bc2 26. Rxa7 Rb3+ 27.
Ka5 Bd3 28. Nd4 Rb2 29. Ra1 Nd5 30. Ba3 Rxg2 31. Nb5 Bg6 32. Bc5 c3 33. Ka6 Rb2
34. Ra5 c2 35. Ra1 Rb1 36. Kb7 c1=Q 37. Ra8 Rxb5+ 38. Kxc8 Qxc5+ 39. Kd7+ 1-0

[Event "All4Win"]
[Site "http://www.queenalice.com/game.php?id=1112570"]
[Date "2012.10.15"]
[Round "-"]
[White "gasparotto"]
[Black "Karpv"]
[Result "1-0"]
[WhiteElo "1967"]
[BlackElo "2007"]

1. e4 c5 2. Nf3 d6 3. d4 cxd4 4. Nxd4 Nf6 5. Nc3 a6 6. Bc4 e6 7. O-O Be7 8. f4
Qc7 9. Bb3 b5 10. f5 e5 11. Bg5 exd4 12. Bxf6 dxc3 13. Bxg7 1-0

[Event "Challenge"]
[Site "http://www.queenalice.com/game.php?id=1114475"]
[Date "2012.10.21"]
[Round "-"]
[White "jdimas"]
[Black "Karpv"]
[Result "0-1"]
[WhiteElo "1552"]
[BlackElo "2020"]

1. e3 Nf6 2. a4 e5 3. h4 d5 4. a5 Nc6 5. c3 a6 6. d4 Bd6 7. f4 exd4 8. cxd4 O-O
9. h5 Bf5 10. h6 g5 11. g3 Qd7 12. Nc3 Rae8 13. Nge2 Nb4 14. Kf2 Ng4+ 15. Kg1
Nxe3 16. Bxe3 Rxe3 17. Qd2 Rfe8 18. Bg2 Qe6 19. Ra4 Bg4 20. Bf1 c5 21. dxc5 Bxc5
22. Nd4 Rxg3+ 23. Kh2 Qe3 24. Qxe3 Rgxe3 25. Nde2 Bf3 26. Rg1 g4 27. Rg3 R8e6
28. Kg1 Rxe2# 0-1

[Event "Ajedrecistas 1"]
[Site "http://www.queenalice.com/game.php?id=1115296"]
[Date "2012.10.23"]
[Round "1"]
[White "princesher"]
[Black "Karpv"]
[Result "0-1"]
[WhiteElo "1565"]
[BlackElo "2010"]

1. e4 c5 2. b3 d6 3. Bb5+ Nc6 4. Bxc6+ bxc6 5. Nf3 Nf6 6. d3 e6 7. c4 Be7 8.
Nbd2 Qc7 9. Bb2 Bb7 10. Bxf6 Bxf6 11. Rb1 O-O 12. g4 d5 13. cxd5 cxd5 14. O-O
Rfd8 15. exd5 Bxd5 16. g5 Be7 17. Re1 Qf4 18. h4 Qg4+ 19. Kf1 Rab8 20. Re3 Bd6
21. Ke2 Bf4 22. Qh1 Bxe3 23. fxe3 a5 24. Rg1 Qh5 25. e4 Bc6 26. Ke3 Bb5 27. Ne5
a4 28. bxa4 Bxa4 29. a3 Rb2 30. Ndc4 Qe2+ 31. Kf4 Qf2+ 32. Nf3 Rb3 33. Rf1 Qe2
34. Ne1 Bb5 35. h5 Bxc4 36. a4 Bxd3 37. Nxd3 Rbxd3 38. a5 Qe3+ 39. Ke5 R8d5# 0-1

[Event "OS INCLIVEIS"]
[Site "http://www.queenalice.com/game.php?id=1118930"]
[Date "2012.11.4"]
[Round "-"]
[White "adelio"]
[Black "Karpv"]
[Result "0-1"]
[WhiteElo "1858"]
[BlackElo "2012"]

1. f4 e5 2. f5 d5 3. h4 Bxf5 4. h5 Be7 5. g3 h6 6. e3 Nf6 7. Be2 Nc6 8. c4 O-O
9. Nc3 d4 10. Nd5 Nxd5 11. cxd5 Qxd5 12. Rh2 d3 13. Bf3 e4 14. Bh1 Bd6 15. Rg2
Nb4 16. g4 Be6 17. g5 hxg5 18. a3 Nc2+ 19. Kf1 Nxa1 20. b4 Qb3 21. Qe1 Nc2 22.
Qf2 Qb1 23. Rxg5 Qxc1+ 24. Kg2 Ne1+ 25. Qxe1 Qxe1 26. Nh3 Bxh3+ 27. Kxh3 Qxh1+
28. Kg4 Qf3+ 29. Kh4 Be7 30. h6 Qg2 31. h7+ Kxh7 32. b5 Bxg5+ 33. Kh5 g6# 0-1

[Event "Challenge"]
[Site "http://www.queenalice.com/game.php?id=1121832"]
[Date "2012.11.13"]
[Round "-"]
[White "jdimas"]
[Black "Karpv"]
[Result "0-1"]
[WhiteElo "1732"]
[BlackElo "2031"]

1. e3 e5 2. d4 exd4 3. Qxd4 Nc6 4. Qa4 Nf6 5. c3 Bc5 6. Qd1 O-O 7. h4 d5 8. f3
Bf5 9. g4 Be6 10. g5 Nh5 11. f4 Ng3 12. Rh2 Ne4 13. h5 Qd6 14. g6 fxg6 15. hxg6
h6 16. Qh5 Bf5 17. Nf3 Bxg6 18. Qh3 Rae8 19. b4 Bb6 20. a4 Bf5 21. Qg2 a6 22.
Ra2 Qf6 23. c4 dxc4 24. Bxc4+ Kh7 25. Qh1 Qg6 26. Rag2 Qd6 27. Ba3 Nxb4 28. Bb2
Re7 29. Qg1 Nc2+ 30. Rxc2 Ba5+ 31. Nc3 Nxc3 32. Ng5+ Kh8 33. Rxh6+ gxh6 34. Rxc3
Qxf4 35. Nf7+ Rfxf7 36. Bxf7 Rxe3+ 37. Kd1 Qd4+ 38. Kc1 Rxc3+ 39. Bxc3 Qxc3+ 40.
Kd1 Qd2# 0-1

[Event "Challenge"]
[Site "http://www.queenalice.com/game.php?id=1121833"]
[Date "2012.11.13"]
[Round "-"]
[White "Karpv"]
[Black "jdimas"]
[Result "0-1"]
[WhiteElo "2035"]
[BlackElo "1765"]

1. e4 e6 2. d4 d5 3. exd5 Qxd5 4. c4 Qd8 5. Nf3 c6 6. Bd3 Be7 7. O-O h5 8. Nc3
h4 9. h3 f5 10. Qe2 g5 11. d5 cxd5 12. cxd5 g4 13. hxg4 fxg4 14. Bg6+ Kf8 15.
Ne5 h3 16. Nf7 hxg2 17. Nxd8 gxf1=Q+ 18. Kxf1 Bxd8 19. Qxg4 Nf6 20. Qb4+ Kg7 21.
Bc2 exd5 22. b3 Nc6 23. Qd6 Be7 24. Qg3+ Kf8 25. Bb2 Nb4 26. Bd1 Bh3+ 27. Ke1
Re8 28. Ne2 Bf5 29. Kf1 Nd3 30. Bd4 Bh3+ 31. Kg1 Rg8 32. Kh2 Rxg3 33. Nxg3 Bd7
34. Be2 Nf4 35. Bf3 Kf7 36. Rc1 Bb5 37. Rc7 Rh8+ 38. Kg1 Bc6 39. Nf5 Bd7 40.
Bxf6 Bxf6 41. Rxb7 Ke6 42. Bg4 Bc6 43. Rc7 Ba8 44. Rxa7 Ke5 45. Nh6 Rxh6 46.
Rxa8 Rg6 47. f3 Nd3 48. a4 Kf4 49. Kf1 Ne5 0-1

[Event "AUTO-MASTER-1770"]
[Site "http://www.queenalice.com/game.php?id=1123093"]
[Date "2012.11.17"]
[Round "1"]
[White "NimbleKnight"]
[Black "Karpv"]
[Result "1-0"]
[WhiteElo "2156"]
[BlackElo "2039"]

1. d4 Nf6 2. c4 c5 3. d5 b5 4. cxb5 a6 5. bxa6 Bxa6 6. Nc3 d6 7. e4 Bxf1 8. Kxf1
g6 9. g3 Bg7 10. Kg2 O-O 11. Nf3 Nbd7 12. a4 Nb6 13. Qc2 Nbd7 14. h3 Qa5 15. Bd2
Rfb8 16. Nb5 Qb6 17. Bc3 c4 18. Nfd4 Ne5 19. Rhe1 Nd3 20. Re2 Nd7 21. Nc6 Bxc3
22. Qxc3 Re8 23. Qxc4 N7e5 24. Nxe5 Nxe5 25. Qd4 Qb7 26. b3 Rac8 27. Qe3 Rc5 28.
f4 Nd7 29. Qd3 Rec8 30. Raa2 Rc1 31. Rac2 Nc5 32. Qc4 1-0

[Event "AUTO-MASTER-1770"]
[Site "http://www.queenalice.com/game.php?id=1123094"]
[Date "2012.11.17"]
[Round "1"]
[White "Karpv"]
[Black "NimbleKnight"]
[Result "1-0"]
[WhiteElo "2047"]
[BlackElo "2172"]

1. e4 e6 2. d4 d5 3. Nc3 Bb4 4. e5 c5 5. a3 Bxc3+ 6. bxc3 Ne7 7. f4 b6 8. Qg4
O-O 9. Nf3 Nf5 10. Qh3 Ba6 11. Bd3 Bxd3 12. cxd3 Nc6 13. g4 Nfe7 14. f5 exf5 15.
gxf5 Qd7 16. Nh4 cxd4 17. Rg1 Kh8 18. Qg4 Rg8 19. cxd4 Rac8 20. Be3 Rcf8 21. Qh5
f6 22. Ng6+ Nxg6 23. fxg6 h6 24. Bxh6 gxh6 25. Qxh6+ Qh7 26. Qxh7# 1-0

[Event "AUTO-MASTER-1770"]
[Site "http://www.queenalice.com/game.php?id=1123109"]
[Date "2012.11.17"]
[Round "1"]
[White "Karpv"]
[Black "Monjo"]
[Result "1-0"]
[WhiteElo "2052"]
[BlackElo "1903"]

1. e4 e5 2. Nf3 Nf6 3. Nxe5 d6 4. Nf3 Nxe4 5. Nc3 Nxc3 6. dxc3 Be7 7. Bf4 c6 8.
Qd2 O-O 9. O-O-O d5 10. h4 Qa5 11. Kb1 Bg4 12. Bd3 b5 13. Rde1 Bf6 14. Ne5 Bxe5
15. Bxe5 Nd7 16. Bxh7+ Kxh7 17. Bxg7 Kxg7 18. Qg5+ Kh7 19. Qxg4 Qd8 20. Qh5+ Kg7
21. Rh3 1-0

[Event "AUTO-MASTER-1770"]
[Site "http://www.queenalice.com/game.php?id=1123110"]
[Date "2012.11.17"]
[Round "1"]
[White "Monjo"]
[Black "Karpv"]
[Result "1-0"]
[WhiteElo "1898"]
[BlackElo "2062"]

1. e4 c5 2. Nf3 d6 3. Bb5+ Nd7 4. d4 a6 5. Bc4 Ngf6 6. e5 dxe5 7. dxe5 Ng8 8. e6
fxe6 9. Ng5 Ne5 10. Qxd8+ Kxd8 11. Bxe6 h6 12. Bxc8 Rxc8 13. Ne6+ Ke8 14. Nc3
Nf6 15. Bf4 Nc4 16. b3 Nd6 17. Bxd6 exd6 18. Nxf8 Kxf8 19. O-O-O Rd8 20. Rhe1
Kf7 21. Nd5 Rhe8 22. Rxe8 Rxe8 23. Nxf6 Kxf6 24. Rxd6+ Re6 25. Rxe6+ Kxe6 26.
Kd2 b5 27. Ke3 Ke5 28. f4+ Kf5 29. h3 h5 30. Kf3 h4 31. a4 b4 32. a5 1-0

[Event "AUTO-MASTER-1770"]
[Site "http://www.queenalice.com/game.php?id=1123111"]
[Date "2012.11.17"]
[Round "1"]
[White "Karpv"]
[Black "pgierech"]
[Result "0-1"]
[WhiteElo "2070"]
[BlackElo "2016"]

1. e4 Nf6 2. e5 Nd5 3. d4 d6 4. Nf3 Bg4 5. Be2 dxe5 6. Nxe5 Bxe2 7. Qxe2 e6 8.
O-O Bd6 9. c4 Nf6 10. Nc3 O-O 11. Bg5 Be7 12. Rfd1 Nbd7 13. Rac1 c6 14. Rd3 h6
15. Bf4 Qb6 16. Rg3 Kh8 17. c5 Qd8 18. Nc4 Nd5 19. Nxd5 cxd5 20. Nd6 Bxd6 21.
Bxd6 Rg8 22. Qh5 Qf6 23. Rd1 Kh7 24. Rf3 Qg6 25. Qxg6+ Kxg6 26. Rb3 b6 27. c6
Nf6 28. f3 Rgc8 29. Rc3 Ne8 30. Bg3 f6 31. a4 Kf7 32. b4 a6 33. Rdc1 Ke7 34. Ra3
Nd6 35. Bxd6+ Kxd6 36. Rac3 b5 37. axb5 axb5 38. Rc5 Rab8 39. f4 Rc7 40. Kf2 Rb6
41. g4 Rbxc6 42. h4 Rxc5 43. Rxc5 Rb7 44. h5 e5 45. dxe5+ fxe5 46. fxe5+ Kxe5
47. Ke3 Rb6 48. Rc7 g5 49. Re7+ Re6 50. Rb7 d4+ 51. Kd3 Kf4 52. Rxb5 Kxg4 53.
Rd5 Kxh5 54. b5 Kg4 55. Rxd4+ Kf3 56. Rb4 Rb6 57. Kd4 h5 58. Kc5 Rb8 59. Rb3+
Kg2 60. b6 g4 0-1

[Event "AUTO-MASTER-1770"]
[Site "http://www.queenalice.com/game.php?id=1123112"]
[Date "2012.11.17"]
[Round "1"]
[White "pgierech"]
[Black "Karpv"]
[Result "0-1"]
[WhiteElo "1977"]
[BlackElo "2022"]

1. c4 e5 2. a3 Nf6 3. Nc3 d5 4. cxd5 Nxd5 5. d3 c5 6. Nf3 Nc6 7. g3 Be7 8. Bg2
Be6 9. O-O h6 10. Qa4 O-O 11. Bd2 Rc8 12. Rac1 Nb6 13. Qd1 c4 14. dxc4 Nxc4 15.
Qc2 Nd4 16. Qd1 Nxf3+ 17. Bxf3 Nxd2 18. Bxb7 Rb8 19. Bg2 Bb3 20. Qe1 Qd7 21. Ne4
Nxf1 22. Kxf1 Rfd8 23. Nc3 Qd2 24. Qxd2 Rxd2 25. Be4 Rxb2 26. Nb5 Rxb5 0-1

[Event "Challenge"]
[Site "http://www.queenalice.com/game.php?id=1123604"]
[Date "2012.11.18"]
[Round "-"]
[White "jdimas"]
[Black "Karpv"]
[Result "0-1"]
[WhiteElo "1816"]
[BlackElo "2008"]

1. e4 c5 2. d3 g6 3. g4 Bg7 4. f4 d5 5. e5 Nc6 6. g5 Bf5 7. h4 h5 8. gxh6 Nxh6
9. Be2 e6 10. h5 Qe7 11. Bd2 Nd4 12. hxg6 Bxg6 13. Bh5 Bf5 14. c3 Nc6 15. Nh3
Qh4+ 16. Nf2 Qe7 17. Qe2 O-O-O 18. a3 d4 19. c4 f6 20. exf6 Bxf6 21. b4 cxb4 22.
axb4 Nxb4 23. Qd1 Bxd3 24. Bxb4 Qxb4+ 25. Qd2 Qxd2+ 26. Nxd2 Bf5 27. Rxa7 Kb8
28. Ra3 Be7 29. Rb3 Bd6 30. Bf3 Rd7 31. Ng4 Nf7 32. Nf6 Rxh1+ 33. Bxh1 Re7 34.
Bc6 Bxf4 35. Nf3 Bc2 36. Rb2 d3 37. Nd7+ Kc7 38. Bb5 Ng5 39. Nde5 Nxf3+ 40. Nxf3
Rf7 41. Be8 Bg3+ 42. Kd2 Rxf3 43. Rxc2 dxc2 44. Kxc2 Kd6 45. Bg6 Kc5 46. Be4 Re3
47. Bxb7 Kxc4 48. Kb2 Rb3+ 0-1

[Event "OS INCLIVEIS"]
[Site "http://www.queenalice.com/game.php?id=1123910"]
[Date "2012.11.19"]
[Round "-"]
[White "adelio"]
[Black "Karpv"]
[Result "0-1"]
[WhiteElo "1770"]
[BlackElo "2016"]

1. f4 e5 2. d4 exd4 3. Qxd4 Nc6 4. Qe4+ Be7 5. c3 Nf6 6. Qf3 d5 7. h3 Bf5 8. Nd2
Qd7 9. e3 a6 10. b4 Ne4 11. Nxe4 Bxe4 12. Qf2 Bf6 13. Bb2 O-O 14. Rd1 Qe6 15.
Nf3 h6 16. Ne5 Nxe5 17. fxe5 Bxe5 18. Rg1 Rad8 19. g4 f5 20. g5 h5 21. g6 f4 22.
c4 fxe3 23. Qxe3 Bxb2 24. cxd5 Bxd5 25. Qxe6+ Bxe6 26. Rxd8 Rxd8 27. Be2 h4 28.
a4 Bc3+ 29. Kf1 Bxh3+ 30. Kf2 Bd4+ 31. Ke1 Bxg1 32. Bc4+ Kf8 33. Bf7 Bg4 34. Bb3
h3 35. Kf1 h2 36. Kg2 Bf3+ 37. Kxf3 h1=Q+ 38. Kf4 Rd4+ 39. Kf5 Qe4+ 40. Kg5 Qg4#
0-1

[Event "Ajedrecistas 1"]
[Site "http://www.queenalice.com/game.php?id=1135382"]
[Date "2012.12.29"]
[Round "2"]
[White "Karpv"]
[Black "El_Furo"]
[Result "1-0"]
[WhiteElo "2068"]
[BlackElo "1498"]

1. e4 e6 2. d4 d5 3. Nc3 Bb4 4. e5 Ne7 5. a3 Bxc3+ 6. bxc3 c5 7. Nf3 Qa5 8. Bd2
c4 9. Be2 Bd7 10. O-O O-O 11. Qb1 b5 12. Qb4 Qd8 13. Bg5 Re8 14. Qb1 h6 15. Bh4
a6 16. Qc1 g5 17. Nxg5 Nf5 18. Qf4 hxg5 19. Bxg5 Qa5 20. g4 Ne7 21. Qf6 Qd8 22.
Qh6 Ng6 23. Bf6 1-0

[Event "Ajedrecistas 1"]
[Site "http://www.queenalice.com/game.php?id=1154584"]
[Date "2013.2.22"]
[Round "3"]
[White "oevidalr"]
[Black "Karpv"]
[Result "1-0"]
[WhiteElo "1798"]
[BlackElo "2028"]

1. e4 d6 2. d4 Nf6 3. Nc3 g6 4. Nf3 Bg7 5. h3 O-O 6. Bc4 c6 7. a3 b5 8. Bd3 Nbd7
9. Bf4 Bb7 10. O-O a5 11. e5 dxe5 12. dxe5 Nh5 13. Be3 Nxe5 14. Nxe5 Bxe5 15.
Qg4 Qc7 16. Rfe1 Rad8 17. Rad1 b4 18. axb4 axb4 19. Qxb4 Bd6 20. Qg4 Nf6 21. Qe2
Rfe8 22. Bc4 Bb4 23. Rxd8 Rxd8 24. Bg5 Bxc3 25. bxc3 1-0

[Event "Challenge"]
[Site "http://www.queenalice.com/game.php?id=1395329"]
[Date "2015.11.21"]
[Round "-"]
[White "Karpv"]
[Black "JosephPyehoor"]
[Result "0-1"]
[WhiteElo "2011"]
[BlackElo "1930"]

1. e4 c6 2. d4 d5 3. exd5 cxd5 4. c4 Nf6 5. Nc3 g6 6. Bg5 Bg7 7. Nf3 Ne4 8. Nxe4
dxe4 9. Nd2 Qxd4 10. Be2 Qxb2 11. O-O Qe5 12. f4 exf3 13. Nxf3 Qc5+ 14. Kh1 Bxa1
15. Qxa1 Rg8 16. Rd1 Be6 17. Qc3 Nc6 18. Be3 Qa5 19. Qb2 Qc7 20. Ng5 Rd8 21.
Nxe6 Rxd1+ 22. Bxd1 fxe6 23. Bg4 Qd7 24. Qe2 h5 25. Bh3 Rf8 26. Bh6 Nd4 27. Qd3
Rg8 28. Bg5 Nf5 29. Qb3 Kf7 30. g3 b6 31. Bg2 Rd8 0-1